000 nam a22 7a 4500
999 _c9817
_d9817
008 180208b ||||| |||| 00| 0 eng d
100 _aNCERT
_95907
245 _aDemocratic Politics-X
260 _aNew Delhi
_bNCERT
_c320